000 00366nam a2200133Ia 4500
008 211118s9999||||xx |||||||||||||| ||und||
082 _a658.403 4
_bSHA-O
100 _aSharma, J K
245 0 _aOperations Research Theory and Applications
260 _bMacmillion
_aNew Delhi
_c1997
630 _xMBA LIBRARY
650 _vOperations ResearchCommerce
942 _cBOOK
999 _c97107
_d97107